[Event "Witten (ch open)"]
[Site "Annen"]
[Date "2012.02.24"]
[Round "3"]
[White "Winterkamp, Sascha"]
[Black "Zadow, Ralf"]
[Result "1/2-1/2"]
[WhiteElo "1953"]
[BlackElo "1860"]
[PlyCount "45"]
[EventDate "2012.02.03"]
[EventType "swiss"]
[EventRounds "7"]
[EventCountry "GER"]
[Source "Lothar Stergar"]
[SourceDate "2012.02.04"]

1. d4 d5 2. Nf3 Nc6 3. c3 (3. c4 {- Koch,D (1366)-Prein,D (1293), (6) 2010})
3... Bg4 4. Nbd2 Nf6 5. e3 e5 6. Qb3 exd4 7. cxd4 {#} Bxf3 (7... Bd6 8. Bb5 O-O
9. Bxc6 bxc6 10. O-O c5 11. dxc5 Bxc5 12. Qc2 Bb6 13. b3 c5 14. Bb2 Bh5 15. Be5
Nd7 16. Bg3 Qf6 17. Qd3 Qc6 18. e4 dxe4 19. Qxe4 Qxe4 20. Nxe4 f5 21. Ned2 f4
22. Bh4 h6 23. Be7 Rfe8 24. Rfe1 Ba5 25. Re4 Bxf3 26. Nxf3 Kf7 27. Ra4 Bc7 28.
Bh4 g5 29. Nxg5+ hxg5 30. Bxg5 Nb6 31. Ra5 Bd6 32. Rd1 Re4 33. h4 Ke6 34. Ra6
Rd4 35. Rxd4 cxd4 36. a4 {0-1 Birkenmaier,R (2150)-Gross,G (2350), Plzen 2000})
8. gxf3 a6 9. a3 Be7 10. Qc3 O-O 11. Nb3 Re8 12. Bd2 Qd7 13. Qd3 b6 14. Rc1 Bd6
15. h4 Nd8 16. Bh3 Ne6 17. Kf1 Qa4 18. Rg1 Rad8 19. Bxe6 Rxe6 20. h5 Nxh5 21.
Rh1 Nf6 22. Bb4 Bxb4 23. axb4 1/2-1/2

[Event "Witten (ch open)"]
[Site "Annen"]
[Date "2012.02.24"]
[Round "3"]
[White "Morawietz, Manuel"]
[Black "Bortel, Peter"]
[Result "1-0"]
[WhiteElo "1836"]
[BlackElo "1821"]
[PlyCount "79"]
[EventDate "2012.02.03"]
[EventType "swiss"]
[EventRounds "7"]
[EventCountry "GER"]
[Source "Lothar Stergar"]
[SourceDate "2012.02.04"]

1. d4 Nf6 2. c4 g6 3. g3 Bg7 4. Bg2 d6 5. Nc3 c6 6. Nf3 O-O 7. O-O Qc7 8. e4
Nbd7 (8... e5 {- Muehlinghaus,B (1696)-Bortel,P (1887), (7) 2007}) 9. h3 e5 10.
Be3 h6 11. Qd2 Kh7 12. Rad1 {#} Nh5 (12... b6) (12... Ng8) (12... a6) (12...
Ne8) (12... Re8 {- E 62/2}) 13. g4 Nhf6 14. Nh4 Ne8 15. Qc2 Qd8 16. Nf3 Qe7 17.
Ne2 Nc7 18. d5 c5 19. a3 a5 20. Rb1 b5 21. b4 axb4 22. axb4 bxc4 23. bxc5 Nxc5
24. Bxc5 dxc5 25. Nd2 Ba6 26. Nxc4 Nb5 27. Rfc1 Qg5 28. Rb3 Nd4 29. Nxd4 cxd4
30. Nb6 Rac8 31. Nxc8 Rxc8 32. Qxc8 Bxc8 33. Rxc8 Qd2 34. Bf1 Bf6 35. Rc7 Kg7
36. Rbb7 Qg5 37. Rxf7+ Kg8 38. d6 h5 39. Rfe7 Kf8 40. Rb8# 1-0

[Event "Witten (ch open)"]
[Site "Annen"]
[Date "2012.02.24"]
[Round "3"]
[White "Hoelzer, Thomas"]
[Black "Leckebusch, Hans Peter"]
[Result "0-1"]
[WhiteElo "1708"]
[BlackElo "1893"]
[PlyCount "76"]
[EventDate "2012.02.03"]
[EventType "swiss"]
[EventRounds "7"]
[EventCountry "GER"]
[Source "Lothar Stergar"]
[SourceDate "2012.02.04"]

1. d4 d5 2. Nf3 e6 3. Bf4 Nf6 4. e3 b6 (4... Nbd7 {- Berndt,J (2166)-Brinkmann,
U (1888), (5) 2009}) 5. Nbd2 Bd6 6. Bxd6 Qxd6 7. c4 O-O 8. cxd5 exd5 9. Bd3 Ba6
{#} 10. Qe2 (10. Bxa6 Nxa6 11. O-O c5 12. a3 Ne4 13. Qc2 Nxd2 14. Qxd2 c4 15.
Rfe1 f5 16. Ne5 Rf6 17. Qd1 b5 18. Qd2 Nb8 19. f4 Nd7 20. Qa5 a6 21. Qd2 a5 22.
Red1 Rh6 23. Nf3 Nf6 24. Ng5 Ng4 25. h3 Nf6 26. Qc2 Qd7 27. Rf1 Rg6 {1/2-1/2
Stoecklein,M (1312)-Backer,J (1412), BRD 2005}) 10... Bxd3 11. Qxd3 Nbd7 12.
O-O Rfe8 13. Qf5 Rac8 14. Rac1 h6 15. Rfe1 c5 16. dxc5 bxc5 17. Qd3 Qb6 18. b3
a5 19. e4 d4 20. Nc4 Qa6 21. e5 Nd5 22. Qd2 Ra8 23. g3 a4 24. Nh4 axb3 25. axb3
Qa2 26. Qd1 Rab8 27. Nd6 Re7 28. Nhf5 Rxe5 29. Qg4 g6 30. Nxh6+ Kg7 31. Qxd7
Rxe1+ 32. Rxe1 Kxh6 33. Nxf7+ Kg7 34. Qxd5 Qxb3 35. Qxc5 d3 36. Ne5 d2 37. Qe7+
Kg8 38. Qf7+ Qxf7 0-1

[Event "Witten (ch open)"]
[Site "Annen"]
[Date "2012.02.24"]
[Round "3"]
[White "Sondermann, Dirk"]
[Black "Kurz, Heinrich"]
[Result "1-0"]
[WhiteElo "1807"]
[BlackElo "1634"]
[PlyCount "37"]
[EventDate "2012.02.03"]
[EventType "swiss"]
[EventRounds "7"]
[EventCountry "GER"]
[Source "Lothar Stergar"]
[SourceDate "2012.02.04"]

1. d4 d5 2. Nf3 Nf6 3. c4 c6 4. Nc3 Bf5 5. e3 e6 6. Nh4 Bg4 (6... Ne4 {-
Sondermann,D (1898)-Wloczek,J (1899), (6) 2009}) 7. Qb3 b6 8. h3 Bh5 9. g4 Bg6
10. Nxg6 hxg6 {#} 11. cxd5 (11. Bd2) (11. Bg2 {- D 12/10}) 11... exd5 12. Bg2
Qc7 13. Bd2 Nxg4 14. hxg4 Rxh1+ 15. Bxh1 Qh2 16. Ke2 Bd6 17. Bxd5 Bg3 18. Bxf7+
Kf8 19. Ne4 1-0

[Event "Witten (ch open)"]
[Site "Annen"]
[Date "2012.02.24"]
[Round "3"]
[White "Koch, Detlev"]
[Black "Dahlbeck, Mirko"]
[Result "0-1"]
[WhiteElo "1341"]
[BlackElo "1750"]
[PlyCount "70"]
[EventDate "2012.02.03"]
[EventType "swiss"]
[EventRounds "7"]
[EventCountry "GER"]
[Source "Lothar Stergar"]
[SourceDate "2012.02.04"]

1. d4 e6 2. c4 d5 3. Nf3 Nf6 4. Bg5 Be7 5. e3 Nbd7 (5... O-O {- Pasdziernik,M 
(1535)-Kamp,R (1402), (3) 1998}) 6. Nc3 O-O 7. Be2 b6 8. O-O Bb7 9. Ne5 Nxe5
10. dxe5 Ne4 {#} 11. Bxe7 (11. Nxe4 Bxg5 12. Nc3 Be7 13. f4 Bc5 14. Qc1 d4 15.
Rd1 c6 16. Ne4 Qd7 17. Qd2 Rfd8 18. b4 Be7 19. exd4 c5 20. Bf3 cxd4 21. a3 Rac8
22. Rac1 Rc7 23. Qb2 h6 24. Kf2 Qa4 25. Rd3 a5 26. b5 Bxe4 27. Bd1 Bxa3 28.
Rxa3 Qb4 29. Rb3 Qc5 30. Bf3 d3+ 31. Kg3 Qe3 32. Qc3 Bxf3 33. gxf3 Rd4 34. Rd1
Qxf4+ 35. Kg2 Rcxc4 {0-1 Acedo,R-Perena,C (2104), Manila 2011}) 11... Qxe7 12.
Nxe4 dxe4 13. Qc2 Qg5 14. Qc3 f6 15. f4 exf3 16. Bxf3 Bxf3 17. Rxf3 Qxe5 18.
Qxe5 fxe5 19. Rd1 Rfd8 20. Rff1 Rd6 21. Rxd6 cxd6 22. e4 Rf8 23. g3 Rxf1+ 24.
Kxf1 Kf7 25. Kg2 Ke7 26. b4 d5 27. Kf3 dxc4 28. Ke3 a5 29. a3 axb4 30. axb4 Kd6
31. Kd2 Kc6 32. Kc2 Kb5 33. Kc3 h5 34. h3 g5 35. g4 h4 0-1

[Event "Witten (ch open)"]
[Site "Annen"]
[Date "2012.02.24"]
[Round "3"]
[White "Luebke, Hans Joachim"]
[Black "Hartung, Thomas"]
[Result "0-1"]
[WhiteElo "1277"]
[BlackElo "1904"]
[PlyCount "56"]
[EventDate "2012.02.03"]
[EventType "swiss"]
[EventRounds "7"]
[EventCountry "GER"]
[Source "Lothar Stergar"]
[SourceDate "2012.02.04"]

1. c4 e5 2. d3 Nf6 3. a3 d5 (3... a5 {- Luebke,H (1296)-Sondermann,D (1849), 
(3) 2010}) 4. cxd5 Nxd5 5. e3 Nc6 6. Nd2 Be7 7. Ngf3 O-O 8. Be2 Be6 {#} 9. O-O
(9. Qc2 a5 10. b3 Qe8 11. Bb2 f6 12. O-O Rd8 13. Rac1 Kh8 14. Ne4 Qg6 15. Rfd1
Qh6 16. Bf1 Bg4 17. Nc5 Bc8 18. Re1 Nb6 19. d4 exd4 20. exd4 Rd5 21. Ne6 Rg8
22. g3 Bd6 23. Rcd1 Qh5 24. Bg2 Qf5 25. Qd2 Bxe6 26. Nh4 Qh5 27. Rxe6 Rb5 28.
Re3 Qf7 29. Qd3 Rh5 30. Nf5 Qd7 31. Nxd6 Qxd6 32. Rde1 Nd8 33. Bf3 Rg5 34. Bc1
Nd7 35. h4 Rd5 36. Bxd5 Qxd5 37. Qc4 Nb6 38. Qxc7 Qc6 39. Qxc6 Nxc6 40. Bb2 Nd5
41. Re8 h6 42. Kg2 Kh7 43. h5 Rxe8 44. Rxe8 g6 45. hxg6+ Kxg6 46. Re6 Kf7 47.
Rd6 Nce7 48. Bc1 h5 49. Kf3 Nc7 50. Rd7 Nb5 51. Bb2 b6 52. Rb7 {1-0 Ilic,Z 
(2294)-Antanaskovic,P (2187), Obrenovac 2004}) 9... g5 10. Kh1 g4 11. Ng1 f5
12. g3 h5 13. Re1 h4 14. Nf1 Kg7 15. Qc2 Rh8 16. b3 Nf6 17. Bb2 Bd5+ 18. f3 Qg8
19. Bd1 gxf3 20. Bxf3 Bxb3 21. Qf2 Rd8 22. d4 e4 23. Be2 Qh7 24. gxh4 Kf7 25.
Nh3 Qxh4 26. Qxh4 Rxh4 27. Ng5+ Kg6 28. Ne6 Bxe6 0-1

[Event "Witten (ch open)"]
[Site "Annen"]
[Date "2012.02.24"]
[Round "3"]
[White "Stergar, Lothar"]
[Black "Claus, Joachim"]
[Result "1/2-1/2"]
[WhiteElo "1574"]
[BlackElo "1638"]
[PlyCount "53"]
[EventDate "2012.02.03"]
[EventType "swiss"]
[EventRounds "7"]
[EventCountry "GER"]
[Source "Lothar Stergar"]
[SourceDate "2012.02.04"]

1. e4 d5 2. exd5 Nf6 3. d4 Nxd5 4. Nf3 Bg4 (4... g6 {- Henke,B (2030)-Zoremba,
B (2025), (9) 1994}) 5. Be2 e6 6. O-O Nd7 7. c4 N5f6 8. Nc3 Be7 9. Be3 O-O 10.
Re1 c6 {#} 11. Qc2 (11. Qb3 Qc7 12. a4 a5 13. Rac1 Bb4 14. Red1 Rfe8 15. h3 Bh5
16. Na2 Bf8 17. Nc3 Rab8 18. d5 Nc5 19. Qa2 Na6 20. dxe6 Rxe6 21. Nd5 Nxd5 22.
cxd5 Rxe3 23. fxe3 Bc5 24. Rxc5 Nxc5 25. d6 Qb6 26. d7 Rd8 27. Ne5 Ne6 28. Nc4
Qc5 29. Bxh5 Qxh5 30. Qb1 g6 31. Rd2 Nc5 32. Nb6 Qe5 33. Qe1 Qc7 34. Nc4 Nxa4
35. b3 Nc5 36. Ra2 b6 37. b4 Nd3 38. Qc3 Nxb4 39. Rf2 Rxd7 40. Kf1 Qh2 41. Ke2
Qg1 42. Kf3 Rd5 43. g4 Nd3 44. Rd2 Qf1+ 45. Kg3 b5 46. Nxa5 Qe1+ 47. Kh2 c5 48.
Rxd3 Qe2+ 49. Kg3 Rxd3 50. Qxc5 Rxe3+ 51. Kf4 Qf2+ {0-1 Achirei,D (2091)
-Bondoc,D (2240), Bucuresti 2007}) (11. Ne5 Bxe2 12. Qxe2 Re8 (12... Bd6 13.
Bg5 Be7 14. Rad1 Re8 15. Bh4 h6 16. Qf3 Rf8 17. Qe2 Re8 18. h3 Nh7 19. Qf3 Nhf6
20. Ne4 Rf8 21. Nxf6+ Nxf6 22. Qe2 Re8 23. a3 a5 24. Qf3 Rf8 25. Rd3 Qc7 26.
Red1 Rad8 27. Qe2 Nh7 28. Bg3 Bd6 29. Ng4 Bxg3 30. Rxg3 Kh8 31. Qc2 Rd6 32. Qc3
Rfd8 33. c5 Rd5 34. Ne3 Rg5 {1-0 Sinnhoefer,H (1824)-Huhn,U (1826), Bad
Griesbach 1998}) 13. Rad1 Qa5 14. f4 Rad8 15. a3 Nf8 16. g4 N6d7 17. g5 Nxe5
18. fxe5 Ng6 19. Ne4 Nh4 20. Qg4 Nf5 21. Nf6+ gxf6 22. gxf6+ Kh8 23. fxe7 Nxe3
24. Qf4 Rg8+ 25. Kh1 Rde8 26. Qf6+ Rg7 27. Rg1 Nf5 28. Rxg7 Nxg7 29. Rg1 {1-0
Simeone,T-Truong,H (2335), Paris 1995}) 11... Bf5 12. Bd3 Bxd3 13. Qxd3 Qc7 14.
Rad1 Rfe8 15. h3 Rad8 16. a3 Bf8 17. Qc2 b6 18. Bg5 Be7 19. Bh4 Nf8 20. Bxf6
Bxf6 21. Ne4 Be7 22. Ne5 Ng6 23. Nxg6 hxg6 24. g3 Bf6 25. Nxf6+ gxf6 26. Qe4
Kg7 27. Qf3 1/2-1/2

[Event "Witten (ch open)"]
[Site "Annen"]
[Date "2012.02.28"]
[Round "4"]
[White "Zadow, Ralf"]
[Black "Reinoehl, Christian"]
[Result "0-1"]
[WhiteElo "1860"]
[BlackElo "2093"]
[PlyCount "67"]
[EventDate "2012.02.03"]
[EventType "swiss"]
[EventRounds "7"]
[EventCountry "GER"]
[Source "Lothar Stergar"]
[SourceDate "2012.02.04"]

1. e4 e5 2. Nf3 Nc6 3. Bc4 Bc5 4. c3 Nf6 5. b4 Bb6 6. Qb3 (6. d3 {- Vonrueden,
R-Echeverria,A, (8) 1995}) 6... O-O 7. d3 d6 8. Bg5 h6 9. Bh4 g5 10. Bg3 {#}
Nh5 (10... Ne7 11. Nbd2 c6 12. d4 exd4 13. Nxd4 Nxe4 $2 14. Nxe4 d5 15. Nf6+
Kg7 16. Nh5+ Kg6 17. Bd3+ (17. Be2 $5) 17... Kxh5 18. Qd1+ Bg4 (18... g4 19. h3
) 19. Qxg4+ $1 Kxg4 20. Be2# {1-0 Bird,H-Burn,A, London 1886 [Richter,K]}) 11.
a4 a6 12. Nbd2 Kg7 13. Nf1 f5 14. exf5 Bxf5 15. Ne3 Bg6 16. Ra2 Ba7 17. Qd1 Nf4
18. Bxf4 exf4 19. Nd5 g4 20. Nd4 Nxd4 21. cxd4 c6 22. Qxg4 cxd5 23. Bxd5 Qc8
24. Qxc8 Raxc8 25. Kd2 Bf7 26. Bxf7 Rxf7 27. Re1 Bxd4 28. Re6 Bc3+ 29. Ke2 Bxb4
30. Kf3 Rc3 31. Rb2 a5 32. Ke4 Ra3 33. g3 Rxa4 34. gxf4 0-1

[Event "Witten (ch open)"]
[Site "Annen"]
[Date "2012.03.02"]
[Round "4"]
[White "Herrmann, Uwe"]
[Black "Sondermann, Dirk"]
[Result "1-0"]
[WhiteElo "1933"]
[BlackElo "1807"]
[PlyCount "71"]
[EventDate "2012.02.03"]
[EventType "swiss"]
[EventRounds "7"]
[EventCountry "GER"]
[Source "Lothar Stergar"]
[SourceDate "2012.02.04"]

1. d4 Nf6 2. c4 e6 3. Nf3 b6 4. a3 (4. e3 {- Pasdziernik,M (1735)-Wloczek,J 
(1899), (4) 2009}) 4... Bb7 5. Nc3 Be7 6. d5 exd5 7. cxd5 O-O 8. e4 d6 9. Bd3
Nbd7 10. O-O Ne5 11. Bc2 Nxf3+ 12. Qxf3 {#} Ba6 (12... c6 13. Re1 Rc8 14. Be3
cxd5 15. exd5 Rxc3 16. bxc3 Bxd5 17. Qg3 Qd7 18. Bh6 {1-0 Akselrod,V (2427)
-Ivanec,V (2198), Hanty-Mansiysk 2010}) (12... Nd7 13. Qh3 Ne5 (13... g6 14.
Bh6 Re8 15. f4 Bf6 16. Rae1 Nc5 17. b4 Nd7 18. Qf3 Qe7 19. Ba4 Ba6 20. Bb5 Bxb5
21. Nxb5 Nf8 22. e5 Qd7 23. Nxc7 Qxc7 24. exf6 Nd7 25. Bg5 Qc2 26. Rxe8+ Rxe8
27. Qh3 Qf5 28. Qxf5 gxf5 29. Rc1 h6 30. Bh4 Nf8 31. Rc7 a5 32. Rc6 Re3 33.
Rxd6 Rxa3 34. Rxb6 axb4 35. Rxb4 Rd3 36. Rb8 Rd1+ 37. Kf2 Rxd5 38. Ke3 Rd1 39.
Ke2 Rg1 40. Kf3 Rc1 41. Bf2 h5 42. Rd8 h4 43. Ke2 Rb1 44. Bxh4 Rb2+ 45. Kf1
Rb1+ 46. Be1 Ra1 47. Kf2 Rb1 48. Bd2 Rb2 49. Ke3 Rb3+ 50. Ke2 Rb2 51. Kd1 Rb1+
52. Bc1 Ra1 53. Kc2 Ra6 54. Bb2 Re6 55. Ba3 Re2+ 56. Kd3 Ra2 57. Rxf8+ Kh7 58.
Rxf7+ Kg6 59. Ra7 {1-0 Sriram,J (2445)-Sangma,R (2311), Dhaka 2005}) 14. f4 Bc8
15. Qg3 Bh4 16. Qe3 Ng6 17. e5 Re8 18. Qf3 Ba6 19. Rd1 dxe5 20. f5 Nf8 21. Ne4
Rb8 22. Ba4 b5 23. Bb3 Bb7 24. Qh5 g6 25. Qh6 Bf6 26. Bg5 Bxg5 27. Nxg5 Qf6 28.
d6 cxd6 29. Bxf7+ Kh8 30. Bxe8 Rxe8 31. Rxd6 {1-0 Sideif Sade,F-Popov,N (2425),
Dnipropetrovsk 1980}) 13. Re1 Nd7 14. Qh3 Ne5 15. f4 Bc8 16. Qe3 Ng4 17. Qe2
Bf6 18. Rd1 Bxc3 19. bxc3 Nxh2 20. Kxh2 Qh4+ 21. Kg1 Bg4 22. Qe1 Qh5 23. Rd4 f5
24. exf5 Rf6 25. Qg3 Rh6 26. Kf2 Rf8 27. Bd2 Bxf5 28. Bxf5 Rxf5 29. Re1 Rhf6
30. Re6 Rf8 31. c4 b5 32. Bc3 g5 33. Kg1 Rxf4 34. Rxf4 Rxf4 35. Re8+ Kf7 36.
Qe1 1-0

[Event "Witten (ch open)"]
[Site "Annen"]
[Date "2012.03.02"]
[Round "4"]
[White "Leckebusch, Hans Peter"]
[Black "Winterkamp, Sascha"]
[Result "0-1"]
[WhiteElo "1893"]
[BlackElo "1953"]
[PlyCount "118"]
[EventDate "2012.02.03"]
[EventType "swiss"]
[EventRounds "7"]
[EventCountry "GER"]
[Source "Lothar Stergar"]
[SourceDate "2012.02.04"]

1. d4 Nf6 2. Nf3 c5 3. e3 b6 (3... a6 {- Krawietz,S (1566)-Luebke,H (1229), (7)
2011}) 4. Bd3 g6 5. b3 Bg7 6. Bb2 O-O 7. O-O d6 8. c4 {#} Na6 (8... Qc7 9. Nc3
a6 10. h3 Nbd7 11. d5 e5 12. e4 Nh5 13. g3 Bh6 14. Bc1 Bxc1 15. Qxc1 Ndf6 16.
Kg2 Kg7 17. Ne2 Qd7 18. Rh1 h6 19. Nh4 Nh7 20. f4 exf4 21. Nxf4 Nxf4+ 22. Qxf4
Qe7 23. Rae1 Qe5 24. Nf3 Qxf4 25. gxf4 Nf6 26. Nd2 Nh5 27. Kf3 f6 28. h4 Bd7
29. Rhg1 g5 30. f5 Nf4 31. Bc2 Be8 32. Ke3 Bf7 33. Ref1 Kh7 34. hxg5 hxg5 35.
Rh1+ Kg7 36. Rhg1 Kh7 37. Rh1+ Kg7 38. Rhg1 Kh6 39. Rh1+ Kg7 40. Rhg1 Kh6 41.
Rh1+ {1/2-1/2 Harlamov,I (1959)-Maslyakov,S (2108), St. Petersburg 2007}) (8...
Bb7 9. Nc3 (9. Nbd2 Nc6 10. a3 e6 11. Re1 Qc7 12. Qc2 Rfe8 13. Bc3 Rad8 14. Qb2
e5 15. d5 Nb8 16. e4 Bc8 17. b4 Na6 18. b5 Nb8 19. a4 Bg4 20. a5 Bxf3 21. Nxf3
Qe7 22. Ra2 Nbd7 23. Rea1 Nh5 24. axb6 axb6 25. Ra7 Nf4 26. Qc2 g5 27. g3 Ng6
28. R1a6 Qf6 29. Qe2 Ngf8 30. Bd2 Bh6 31. h4 g4 32. Ng5 Qg6 33. Qxg4 f6 34. h5
Qg7 35. f4 exf4 36. gxf4 fxg5 37. fxg5 Qd4+ 38. Kg2 Bg7 39. Qf3 Ne5 40. Rxg7+
Kxg7 41. Qf6+ Kg8 42. Ra7 Nfd7 43. h6 Nxd3 44. Qf5 {0-1 Winter,M-Reynolds,D 
(2051), Leicester 2010}) 9... cxd4 10. exd4 d5 11. c5 bxc5 12. dxc5 Ne4 13.
Bxe4 dxe4 14. Nd2 Na6 15. c6 Bxc6 16. Qe2 Qd3 17. Nc4 Qxe2 18. Nxe2 Bxb2 19.
Nxb2 Bb5 20. Rfe1 Bxe2 21. Rxe2 f5 22. f3 exf3 23. gxf3 Rfe8 24. Rae1 Kf8 25.
Nd3 Rad8 26. Nf4 Kf7 27. Ne6 Rd7 28. h4 Nc7 29. Ng5+ Kg8 30. h5 Nd5 31. Rd2 Nf6
32. Rxd7 Nxd7 33. hxg6 hxg6 34. Re6 {1/2-1/2 Fakhani,M-Nader,E (2048), Beirut
2004}) 9. a3 cxd4 10. exd4 Nh5 11. Qd2 Bb7 12. Qe3 Nc7 13. Re1 Ne6 14. Nc3 Bxf3
15. Qxf3 Nxd4 16. Qd1 Ne6 17. Be4 Rb8 18. Bf3 Nf6 19. Nd5 Nxd5 20. Bxg7 Nxg7
21. cxd5 e5 22. dxe6 Nxe6 23. Qd5 Nf4 24. Qd4 Ne6 25. Qd5 Qh4 26. Qxd6 Nd4 27.
Bd1 Rbd8 28. Qc7 Nb5 29. Qc6 Rd2 30. Qf3 Rfd8 31. g3 Qd4 32. Be2 Nc3 33. Bc4
Rd7 34. Rac1 Nd1 35. Re2 Qb2 36. Rxd2 Qxd2 37. Qf4 Nxf2 38. Qxd2 Rxd2 39. Rf1
Nh3+ 40. Kh1 Rd7 41. Kg2 Ng5 42. Re1 Rd2+ 43. Re2 Rxe2+ 44. Bxe2 Ne4 45. b4 Nd6
46. Kf3 Kg7 47. h4 Kf6 48. Kf4 h6 49. a4 g5+ 50. hxg5+ hxg5+ 51. Kg4 Nf5 52. a5
Ne3+ 53. Kf3 Nc2 54. axb6 axb6 55. b5 Nd4+ 56. Kf2 Nxe2 57. Kxe2 Ke5 58. Kf3 f5
59. Ke3 Kd5 0-1

[Event "Witten (ch open)"]
[Site "Annen"]
[Date "2012.03.02"]
[Round "4"]
[White "Dahlbeck, Mirko"]
[Black "Morawietz, Manuel"]
[Result "0-1"]
[WhiteElo "1750"]
[BlackElo "1836"]
[PlyCount "102"]
[EventDate "2012.02.03"]
[EventType "swiss"]
[EventRounds "7"]
[EventCountry "GER"]
[Source "Lothar Stergar"]
[SourceDate "2012.02.04"]

1. e4 e6 2. d4 d5 3. Nd2 Nf6 4. Bd3 c5 5. Ngf3 (5. e5 {- Claus,J (1745)
-Sondermann,D (1715), (9) 1992}) 5... cxd4 6. Nxd4 dxe4 7. Nxe4 Be7 8. c3 Nxe4
9. Bxe4 O-O 10. f4 Nd7 11. O-O {#} Nf6 (11... Bf6 12. Be3 e5 13. Nb5 exf4 14.
Bf2 a6 15. Nd6 Be5 16. Nxb7 Bxb7 17. Bxb7 Rb8 18. Bc6 Nf6 19. Qxd8 Rfxd8 20.
Rfe1 Ng4 21. Ba7 Rxb2 22. h3 Ne3 23. Bxe3 fxe3 24. Rxe3 f6 25. Be4 g6 26. Kf1
a5 27. c4 Rxg2 28. Bxg2 Bxa1 29. Bd5+ Kg7 30. Ra3 Bd4 31. Rxa5 Rd7 32. Rb5 f5
33. Ke2 Kf6 34. Kd3 {1/2-1/2 Zunker,R (2179)-Scholze,R (2019), Dresden 2009})
12. Bc2 b6 13. f5 e5 14. Nc6 Bc5+ 15. Kh1 Qc7 16. Nb4 Bb7 17. Bg5 Kh8 18. Nd3
Ne4 19. Nxc5 Nxg5 20. Nxb7 Qxb7 21. Qh5 f6 22. Rad1 Rad8 23. Rfe1 Qf7 24. Qe2
Qxa2 25. h4 Nf7 26. Ra1 Qxb2 27. Rxa7 Qxc3 28. Rd1 Rd4 29. Rxd4 Qxd4 30. g3 Nh6
31. Qf3 Rb8 32. Ra8 Qd8 33. Rxb8 Qxb8 34. Qd5 b5 35. Kg2 b4 36. Kh3 Qc8 37. Bd3
Nxf5 38. Kh2 Nd4 39. Bc4 Qb8 40. Qf7 b3 41. h5 h6 42. Bd3 Nf3+ 43. Kh1 Ng5 44.
Qd7 b2 45. Bb1 e4 46. Kg2 Qf8 47. Qc7 f5 48. Qe5 Qf7 49. Qxb2 Qxh5 50. Qb8+ Kh7
51. Qe5 Qe2+ 0-1

[Event "Witten (ch open)"]
[Site "Annen"]
[Date "2012.03.02"]
[Round "4"]
[White "Hartung, Thomas"]
[Black "Bortel, Peter"]
[Result "0-1"]
[WhiteElo "1904"]
[BlackElo "1821"]
[PlyCount "97"]
[EventDate "2012.02.03"]
[EventType "swiss"]
[EventRounds "7"]
[EventCountry "GER"]
[Source "Lothar Stergar"]
[SourceDate "2012.02.04"]

1. e4 c5 2. Nf3 d6 3. d4 cxd4 4. Nxd4 Nf6 5. Nc3 g6 6. Be3 Bg7 7. f3 O-O 8. Qd2
Nc6 9. Bc4 (9. O-O-O {- Reinoehl,C (2096)-Bortel,P (1864), (7) 2010}) 9... Bd7
10. O-O-O Qa5 11. Kb1 Rfc8 12. Bb3 Ne5 13. h4 h5 14. Bg5 Nc4 15. Bxc4 Rxc4 16.
Bxf6 Bxf6 17. Nd5 {#} Qa6 (17... Qxd2 18. Nxf6+ exf6 19. Rxd2 Rac8 (19... Rd8
20. Rhd1 Kf8 21. Ne2 f5 22. Rxd6 Ke7 23. Nc3 fxe4 24. Nxe4 Rc7 25. c3 Rdc8 26.
Kc1 Be6 27. R6d4 Bxa2 28. Re1 Be6 29. Ng5 Rc6 30. Rf4 f6 31. Nh7 f5 32. Ng5 Kf6
33. Rd4 Bc4 34. Rd7 Bg8 35. Ree7 b5 36. f4 b4 37. Rf7+ {1-0 Alagulian,
K-Gehtman,B, Moskva 1997}) (19... Kf8 20. Ne2 (20. Rhd1 Rac8 21. b3 R4c5 22. c4
Ke7 23. Nc2 Be6 24. Ne3 R5c6 25. Kb2 a6 26. a4 a5 27. Nd5+ Bxd5 28. exd5 R6c7
29. Re2+ Kf8 30. Kc3 f5 31. Rde1 Rd7 32. Kd4 Rdc7 33. Rb1 Kg7 34. Rc2 Kf6 35.
b4 axb4 36. Rxb4 g5 37. g3 g4 38. Rb3 Ra8 39. Ra2 Re8 40. a5 gxf3 41. Rf2 Re4+
42. Kd3 Rcxc4 43. Rxb7 Ra4 44. Rb3 Rxa5 {0-1 Koys,M (2075)-Knizek,J (2195),
Cesko 1997}) 20... Ke7 21. Rhd1 (21. b3 Rc6 22. c4 Be6 23. Rhd1 Rd8 24. Nd4 Ra6
25. Nb5 Rd7 26. Nc3 Rc6 27. Re1 Kf8 28. Nd5 Bxd5 29. exd5 Rc8 {1/2-1/2 Allen,E
(2174)-Kurrasch,F, Parsippany 2010}) 21... Rc6 22. Nc3 Be6 23. Nb5 Rd8 24. b3
Rb6 25. Nc3 Rc6 26. Nd5+ Bxd5 27. Rxd5 Rc3 28. R1d2 Rd7 29. Kb2 Rdc7 30. a4
R7c6 31. Rb5 b6 32. a5 R3c5 33. Rxc5 dxc5 34. axb6 axb6 35. c4 Rd6 36. Rd5 f5
37. e5 Rxd5 38. cxd5 f4 39. Kc3 b5 40. Kd3 f6 41. exf6+ Kxf6 42. Ke4 b4 43. d6
Ke6 44. d7 Kxd7 45. Kd5 g5 46. Kxc5 Ke6 47. Kxb4 Kf5 48. Kc4 gxh4 49. b4 Kg5
50. b5 h3 51. gxh3 Kh4 52. Kd4 Kxh3 53. b6 Kg3 54. Ke4 h4 55. b7 {1-0 Seminara,
J-Malajovic,S (2180), Acasusso 1991}) 20. Rhd1 f5 21. b3 R4c5 22. exf5 Kg7 23.
fxg6 fxg6 24. c4 d5 25. Nc2 Be6 26. cxd5 Bxd5 27. Rxd5 Rxc2 28. Rd7+ Kh6 29. g4
hxg4 30. fxg4 R8c7 31. Rxc7 Rxc7 32. Rd6 Kg7 33. Kb2 Kf7 34. a4 a6 35. Ka3 Re7
36. Rb6 Kg7 37. Kb4 Rc7 38. Rd6 Re7 39. Ka5 {1-0 Tanti,J (2249)-Garland,N 
(2265), email 2003}) 18. Nxf6+ exf6 19. Qf4 d5 20. exd5 Ra4 21. a3 b5 22. Qc7
Be8 23. Nc6 Bxc6 24. dxc6 Rc4 25. Rd8+ Rxd8 26. Qxd8+ Kg7 27. Re1 Qxc6 28. Re8
Rxh4 29. Rg8+ Kh6 30. Rh8+ Kg5 31. Qd2+ Kf5 32. g4+ hxg4 33. Rxh4 Qxf3 34. Rh2
g3 35. Re2 Kg4 36. Ka2 f5 37. Re3 Qf1 38. Re1 Qf4 39. Qe2+ Qf3 40. Qxb5 Qf2 41.
Re2 Qf3 42. Qc4+ f4 43. Qc8+ f5 44. Re6 g5 45. Qd8 Qh1 46. Rg6 Qh5 47. Qd1+ f3
48. Rd6 g2 49. Re6 0-1

[Event "Witten (ch open)"]
[Site "Annen"]
[Date "2012.03.02"]
[Round "4"]
[White "Kurz, Heinrich"]
[Black "Koch, Detlev"]
[Result "1-0"]
[WhiteElo "1634"]
[BlackElo "1341"]
[PlyCount "143"]
[EventDate "2012.02.03"]
[EventRounds "7"]
[EventCountry "GER"]
[Source "Lothar Stergar"]
[SourceDate "2012.02.04"]

1. e4 e5 2. Nf3 Nc6 3. c3 (3. Bb5 {- Baldszun,M (1707)-Mrowetz,J (1341), (7)
2011}) 3... g6 4. Bb5 Bg7 {#} 5. Bxc6 (5. d3) (5. O-O) (5. d4 {- C 60/4}) 5...
dxc6 6. d3 Bg4 7. h3 Bxf3 8. Qxf3 Qf6 9. Qe2 O-O-O 10. Qg4+ Rd7 11. Be3 Nh6 12.
Bxh6 Bxh6 13. Ke2 Bg7 14. h4 h5 15. Qg5 Qxg5 16. hxg5 Rhd8 17. Rd1 f6 18. gxf6
Bxf6 19. Na3 g5 20. Nc4 h4 21. Ne3 b6 22. Rd2 Kb7 23. Rh1 b5 24. Ng4 Bg7 25. g3
Rh8 26. Rdd1 c5 27. gxh4 gxh4 28. b3 Rf7 29. Rh3 a5 30. Rdh1 Bf6 31. Nxf6 Rxf6
32. Rxh4 Rhf8 33. Rf1 Kb6 34. Rh5 Re6 35. Rfh1 Ref6 36. Rh6 Kc6 37. R1h5 Rd6
38. Ke3 Re8 39. Rxd6+ cxd6 40. f4 b4 41. c4 Kd7 42. Rh7+ Re7 43. Rh6 exf4+ 44.
Kxf4 Rf7+ 45. Ke3 Re7 46. d4 cxd4+ 47. Kxd4 Re5 48. Rf6 Rh5 49. Rf5 Rh1 50.
Rxa5 Rd1+ 51. Ke3 Re1+ 52. Kd3 Rd1+ 53. Ke2 Rh1 54. Rb5 Rh2+ 55. Kd3 Rxa2 56.
Rxb4 Kc6 57. Rb5 Rh2 58. b4 Rh1 59. e5 Rh3+ 60. Kc2 Rh4 61. Kb3 Rh3+ 62. Ka4
Rc3 63. exd6 Kxd6 64. Rb6+ Kc7 65. c5 Rc1 66. Kb5 Rh1 67. c6 Rh5+ 68. Ka6 Rh1
69. Ka7 Ra1+ 70. Ra6 Rxa6+ 71. Kxa6 Kxc6 72. Ka7 1-0